[Event "Civil Service Major op"]
[Site "London"]
[Date "2005.11.05"]
[Round "2"]
[White "Ruston, Mark"]
[Black "Edwards, Richard"]
[Result "1-0"]
[WhiteElo "1856"]
[BlackElo "1704"]
[PlyCount "71"]
[EventDate "2005.11.05"]
[EventType "swiss"]
[EventRounds "5"]
[EventCountry "ENG"]
[SourceTitle "EXT 2007"]
[Source "ChessBase"]
[SourceDate "2006.11.23"]
[SourceVersion "1"]
[SourceVersionDate "2006.11.23"]
[SourceQuality "1"]

1. e4 c5 2. Nc3 Nc6 3. g3 g6 4. Bg2 Bg7 5. d3 e6 6. Be3 d6 7. Qd2 Rb8 8. Nf3 b5 9. d4 b4 10. Ne2 Nf6 11. d5 Na5 12. dxe6 Bxe6 13. Ng5 Nc4 14. Nxe6 fxe6 15. Qd3 Ne5 16. Qa6 Qd7 17. Nf4 g5 18. Nd3 Rb6 19. Nxe5 Rxa6 20. Nxd7 Nxd7 21. Bc1 Bd4 22. f4 gxf4 23. gxf4 Nf6 24. Kd2 Rg8 25. Bf3 c4 26. c3 Bc5 27. cxb4 Bxb4+ 28. Kc2 Kf7 29. Be3 Ng4 30. Bd4 e5 31. fxe5 dxe5 32. Bc3 Bc5 33. b3 Ne3+ 34. Kd2 Rd6+ 35. Ke2 Ke6 36. b4 1-0